[Event "40th Olympiad Women"]
[Site "Istanbul TUR"]
[Date "2012.09.07"]
[Round "10.43"]
[Board "3"]
[White "Al-khulaifi, Fatima A."]
[Black "Boshra, Alshaeby"]
[Result "1/2-1/2"]
[BlackTitle "WFM"]
[WhiteElo "1583"]
[BlackElo "1927"]
[WhiteTeam "Qatar"]
[BlackTeam "Jordan"]
[WhiteFideId "12100382"]
[BlackFideId "8102937"]
[EventDate "2012.08.28"]

1. c4 e5 2. Nc3 Nc6 3. g3 Nf6 4. Bg2 Bb4 5. e3 O-O 6. Nge2 d6 7. O-O Bf5 8. d3
Qd7 9. a3 Bxc3 10. Nxc3 Bh3 11. e4 Nd4 12. Bg5 Bxg2 13. Kxg2 Ne8 14. Be3 f5 15.
f4 Nf6 16. fxe5 dxe5 17. exf5 Nxf5 18. Bc5 Ng4 19. Kg1 Nfe3 20. Rxf8+ Rxf8 21.
Bxe3 Nxe3 22. Qe2 Qd4 23. Nb5 Qb6 24. Kh1 Qc6+ 25. Kg1 Qb6 26. Kh1 h5 27. Re1
Ng4 28. Rf1 Nf2+ 29. Kg1 Ng4+ 30. Kh1 Qc6+ 31. Kg1 Qb6+ 32. d4 Rxf1+ 33. Kxf1
Qf6+ 34. Ke1 c6 35. dxe5 Nxe5 36. Nd4 c5 37. Nb3 Nf3+ 38. Kd1 Qd6+ 39. Nd2 Nxd2
40. Qxd2 Qxd2+ 41. Kxd2 Kf7 42. Ke3 Ke6 43. Ke4 b6 44. a4 1/2-1/2

[Event "40th Olympiad Women"]
[Site "Istanbul TUR"]
[Date "2012.09.07"]
[Round "10.43"]
[Board "4"]
[White "Alattar, Ghayda M."]
[Black "Al-Khelaifi, Kholoud"]
[Result "1-0"]
[WhiteTitle "WFM"]
[WhiteElo "1921"]
[BlackElo "1498"]
[WhiteTeam "Jordan"]
[BlackTeam "Qatar"]
[WhiteFideId "8101531"]
[BlackFideId "12100145"]
[EventDate "2012.08.28"]

1. d4 d5 2. Nc3 Nf6 3. Bg5 Nbd7 4. Qd3 c6 5. Nf3 h6 6. Bf4 Qb6 7. O-O-O Ng4 8.
Bg3 e6 9. h3 Ngf6 10. Nd2 c5 11. dxc5 Nxc5 12. Qb5+ Qc6 13. Qxc6+ bxc6 14. e3
Be7 15. Be2 O-O 16. Rhe1 a5 17. f3 Na6 18. Na4 Nd7 19. Nb3 Nac5 20. Nbxc5 Bxc5
21. Nxc5 Nxc5 22. Bd6 Nd7 23. Bxf8 Kxf8 24. e4 Nf6 25. c4 Bb7 26. cxd5 cxd5 27.
exd5 Bxd5 28. Kb1 Nd7 29. Rc1 Rb8 30. Bc4 Nb6 31. Bxd5 Nxd5 32. Rc5 Ra8 33. g3
Ke7 34. Rxd5 Kf8 35. Rd7 Ke8 36. Red1 g5 37. Rb7 Ra6 38. Rdd7 f5 39. Rh7 1-0

[Event "40th Olympiad Women"]
[Site "Istanbul TUR"]
[Date "2012.09.07"]
[Round "10.44"]
[Board "1"]
[White "Baklanova, Tatiana"]
[Black "Tembo, Epah"]
[Result "1-0"]
[WhiteTitle "WIM"]
[BlackTitle "WCM"]
[WhiteElo "2220"]
[BlackElo "1927"]
[WhiteTeam "ICSC"]
[BlackTeam "Zambia"]
[WhiteFideId "14100754"]
[BlackFideId "8700125"]
[EventDate "2012.08.28"]

1. d4 Nf6 2. c4 g6 3. Nc3 Bg7 4. e4 d6 5. f4 e6 6. Nf3 Nc6 7. e5 Nd7 8. Be2 O-O
9. O-O f6 10. d5 Ne7 11. exd6 cxd6 12. Nd4 exd5 13. Ne6 Qb6+ 14. Kh1 Rf7 15. Na4
Qc6 16. Nd8 Qc7 17. Nxf7 Kxf7 18. cxd5 a6 19. Be3 b5 20. Rc1 Qd8 21. Nc3 f5 22.
Bd4 Nf6 23. b4 Bb7 24. Bf3 Neg8 25. Qe2 Bc8 26. a4 Bh6 27. g3 Kf8 28. axb5 axb5
29. Rfe1 Rb8 30. Ra1 Bd7 31. Ra7 Bg7 32. Qa2 Ne8 33. Bxg7+ Kxg7 34. Ne2 Ngf6 35.
Nd4 Qb6 36. Nc6 Rb7 37. Ra6 Qc7 38. Re7+ Kh6 39. Qg2 Rb6 40. Qh3+ Nh5 41. Qh4 1-0

[Event "40th Olympiad Women"]
[Site "Istanbul TUR"]
[Date "2012.09.07"]
[Round "10.44"]
[Board "2"]
[White "Mtine, Joy"]
[Black "Mucha, Annegret"]
[Result "0-1"]
[BlackTitle "WCM"]
[WhiteElo "2050"]
[BlackElo "2023"]
[WhiteTeam "Zambia"]
[BlackTeam "ICSC"]
[WhiteFideId "8700206"]
[BlackFideId "24622788"]
[EventDate "2012.08.28"]

1. d4 Nf6 2. Nc3 d5 3. h3 e6 4. Nf3 Be7 5. Bf4 c6 6. e3 O-O 7. Bd3 Nbd7 8. O-O
b6 9. Ne2 c5 10. c4 Ba6 11. cxd5 Bxd3 12. Qxd3 Nxd5 13. Bg3 Nb4 14. Qc4 Nf6 15.
dxc5 bxc5 16. Rfd1 Qc8 17. a3 Nbd5 18. Rac1 Qb7 19. Rc2 Nb6 20. Qb3 Rad8 21.
Rxd8 Rxd8 22. Nc3 c4 23. Qb5 a6 24. Qe5 Nfd5 25. Nxd5 Nxd5 26. Nd4 Bd6 27. Qg5
Be7 28. Qe5 Bd6 29. Qg5 Be7 30. Qg4 Bf6 31. Bh4 Bxh4 32. Qxh4 Rc8 33. Qg4 Nf6
34. Qe2 e5 35. Nf5 Qd7 36. e4 g6 37. Ng3 c3 38. Rxc3 Rxc3 39. bxc3 Qa4 40. Qf3
Kg7 41. h4 Qxa3 42. h5 Qc1+ 43. Kh2 a5 44. c4 a4 45. Ne2 Qg5 46. c5 Qxh5+ 47.
Qxh5 gxh5 48. Nc3 a3 49. c6 Ne8 50. g3 Kf6 51. f4 Ke6 52. Nd5 a2 0-1

[Event "40th Olympiad Women"]
[Site "Istanbul TUR"]
[Date "2012.09.07"]
[Round "10.44"]
[Board "3"]
[White "Botalova, Yulia"]
[Black "Mbatha, Constance"]
[Result "1-0"]
[WhiteTitle "WFM"]
[WhiteElo "1949"]
[BlackElo "1746"]
[WhiteTeam "ICSC"]
[BlackTeam "Zambia"]
[WhiteFideId "24132535"]
[BlackFideId "8700591"]
[EventDate "2012.08.28"]

1. e4 e5 2. Nf3 Nc6 3. Bb5 d6 4. c3 Bd7 5. d3 h6 6. Nbd2 Nf6 7. Nf1 Be7 8. Ng3
Na5 9. Bxd7+ Nxd7 10. Nf5 Bf8 11. h3 g6 12. Ne3 Bg7 13. O-O Nc6 14. Nh2 Nf6 15.
Nhg4 Qd7 16. Nxf6+ Bxf6 17. Nd5 Bg7 18. Be3 Ne7 19. Nxe7 Qxe7 20. Qb3 c6 21.
Rad1 O-O 22. f3 Kh7 23. Rfe1 b6 24. Rd2 f5 25. Bf2 f4 26. Red1 Rad8 27. Qc4 c5
28. d4 g5 29. dxc5 dxc5 30. Rd5 Bf6 31. Qa4 Rxd5 32. Rxd5 Rf7 33. Qc6 Qc7 34.
Qxc7 Rxc7 35. c4 Kg7 36. Kf1 Kf7 37. Ke2 Ke6 38. Kd3 Rd7 39. Kc3 Be7 40. Kb3 a6
41. Rxd7 Kxd7 42. Kc3 Kc6 43. Be1 Bd6 44. Kd3 Be7 45. Bc3 Bd6 46. Ke2 Bc7 47.
Kf2 Bd6 48. g3 Kd7 49. h4 Ke6 50. hxg5 hxg5 51. Kg2 Be7 52. Kh3 a5 53. a4 Bf6
54. Kg4 Be7 55. gxf4 gxf4 56. Be1 Kf7 57. Kf5 Bf6 58. Bc3 1-0

[Event "40th Olympiad Women"]
[Site "Istanbul TUR"]
[Date "2012.09.07"]
[Round "10.45"]
[Board "1"]
[White "Ishizuka, Mirai"]
[Black "Koskoska, Gabriela"]
[Result "0-1"]
[BlackTitle "WIM"]
[WhiteElo "1839"]
[BlackElo "2094"]
[WhiteTeam "Japan"]
[BlackTeam "FYROM"]
[WhiteFideId "7001070"]
[BlackFideId "15000630"]
[EventDate "2012.08.28"]

1. e4 g6 2. Nc3 Bg7 3. Nf3 c5 4. d4 b6 5. Be3 cxd4 6. Nxd4 Bb7 7. Bc4 d6 8. Bb3
Nd7 9. Qd2 Nc5 10. f3 a6 11. O-O-O h5 12. Rhe1 Nf6 13. Kb1 Nfd7 14. Bg5 Nxb3 15.
Nxb3 Bf6 16. Nd5 Bxg5 17. Qxg5 e6 18. Qxd8+ Kxd8 19. Ne3 Kc7 20. Rd2 Rad8 21.
Red1 Ne5 22. Nc1 f5 23. exf5 gxf5 24. Ne2 Ng6 25. Nd4 Bc8 26. Rd3 b5 27. g3 f4
28. Nf1 e5 29. Ne2 Rhf8 30. Nc3 Ne7 31. b4 Bf5 32. Ne4 Bxe4 33. fxe4 Nc6 34. c3
Ne7 35. Nd2 d5 36. gxf4 dxe4 37. Re3 Nd5 38. Rh3 e3 39. Ne4 Nxc3+ 40. Nxc3 Rxd1+
41. Kc2 Rd2+ 42. Kc1 exf4 43. Rf3 Rf2 0-1

[Event "40th Olympiad Women"]
[Site "Istanbul TUR"]
[Date "2012.09.07"]
[Round "10.45"]
[Board "2"]
[White "Bejatovic, Bojana"]
[Black "Nakagawa, Emiko"]
[Result "1-0"]
[BlackTitle "WCM"]
[WhiteElo "1978"]
[BlackElo "1798"]
[WhiteTeam "FYROM"]
[BlackTeam "Japan"]
[WhiteFideId "15000141"]
[BlackFideId "7000480"]
[EventDate "2012.08.28"]

1. d4 d5 2. Nf3 Nf6 3. e3 Bg4 4. c4 c6 5. Nbd2 Nbd7 6. Bd3 e6 7. O-O Be7 8. Qc2
dxc4 9. Bxc4 O-O 10. b3 Rc8 11. Bb2 c5 12. dxc5 Nxc5 13. Qc3 a6 14. a4 h6 15.
Rfd1 Qc7 16. e4 Rfd8 17. Qe3 Ncd7 18. Rac1 Qb8 19. h3 Bh5 20. e5 Ne8 21. Qf4 Bg6
22. Qg3 Nf8 23. Nd4 Bh7 24. N2f3 Nc7 25. Nh2 Nd5 26. Ng4 Kh8 27. f4 Qa7 28. Kh1
Nxf4 29. Qxf4 Bg5 30. Qxf7 Bxc1 31. Rxc1 Bg6 32. Qf4 Qb6 33. Nxh6 gxh6 34. Qxh6+
Kg8 35. Nxe6 Rxc4 36. Qg7# 1-0

[Event "40th Olympiad Women"]
[Site "Istanbul TUR"]
[Date "2012.09.07"]
[Round "10.45"]
[Board "4"]
[White "Nikolovska, Dragana"]
[Black "Hoshino, Karen"]
[Result "1-0"]
[WhiteElo "1828"]
[BlackElo "1640"]
[WhiteTeam "FYROM"]
[BlackTeam "Japan"]
[WhiteFideId "15000133"]
[BlackFideId "2137984"]
[EventDate "2012.08.28"]

1. e4 c5 2. c3 d5 3. exd5 Qxd5 4. d4 Nf6 5. Nf3 Bg4 6. Be2 e6 7. O-O Nc6 8. h3
Bh5 9. Be3 cxd4 10. cxd4 Be7 11. Nc3 Qd6 12. Nb5 Qd8 13. Bf4 Nd5 14. Bg3 a6 15.
Nc3 O-O 16. Qd2 Bf6 17. Ne5 Bxe5 18. Bxe5 Nxc3 19. Bxh5 Nb5 20. Rad1 f6 21. Bg3
Qxd4 22. Qe2 Qc5 23. Qxe6+ Kh8 24. Rd5 Qb6 25. Rd7 Ncd4 26. Qxb6 Nc6 27. Qxb7 1-0

[Event "40th Olympiad Women"]
[Site "Istanbul TUR"]
[Date "2012.09.07"]
[Round "10.46"]
[Board "1"]
[White "Al-Rufaye, Iman Hasan Mohammed"]
[Black "Vargas, Gabriela"]
[Result "0-1"]
[WhiteTitle "WIM"]
[BlackTitle "WFM"]
[WhiteElo "2171"]
[BlackElo "2050"]
[WhiteTeam "Iraq"]
[BlackTeam "Paraguay"]
[WhiteFideId "4801067"]
[BlackFideId "3700860"]
[EventDate "2012.08.28"]

1. e4 e6 2. d4 d5 3. Nc3 Nf6 4. e5 Nfd7 5. f4 c5 6. Nf3 Nc6 7. Be3 Qb6 8. a3
cxd4 9. Nxd4 Nxd4 10. Bxd4 Bc5 11. Na4 Qa5+ 12. c3 Bxd4 13. Qxd4 b6 14. Qb4 Qxb4
15. axb4 Bb7 16. Bb5 Ke7 17. Kf2 f6 18. Bxd7 Kxd7 19. exf6 gxf6 20. Rhd1 e5 21.
c4 d4 22. b5 Rac8 23. Rac1 Rhg8 24. g3 Ke6 25. c5 Bd5 26. Rd3 h5 27. b4 h4 28.
Re1 hxg3+ 29. Rxg3 Rxg3 30. hxg3 Bb3 31. cxb6 Bxa4 32. bxa7 Bxb5 33. Rc1 Ra8 34.
Rc5 Bd7 35. fxe5 fxe5 36. Ra5 Bc6 37. b5 Rf8+ 38. Ke2 Bb7 39. Ra1 e4 40. Rd1 d3+
41. Ke3 Ke5 42. Rh1 Rf3+ 43. Kd2 Rf2+ 44. Ke1 e3 45. Rh5+ Kd4 46. Rh4+ Kc3 0-1

[Event "40th Olympiad Women"]
[Site "Istanbul TUR"]
[Date "2012.09.07"]
[Round "10.46"]
[Board "2"]
[White "Avalos, Leticia"]
[Black "Jalaluldeen, Kareen Kamal J."]
[Result "1-0"]
[WhiteTitle "WCM"]
[BlackTitle "WFM"]
[WhiteElo "1742"]
[BlackElo "1779"]
[WhiteTeam "Paraguay"]
[BlackTeam "Iraq"]
[WhiteFideId "3702073"]
[BlackFideId "4801776"]
[EventDate "2012.08.28"]

1. d4 d5 2. Nf3 Nf6 3. e3 c5 4. b3 Nc6 5. Bb2 Bg4 6. Be2 e6 7. Nbd2 Rc8 8. O-O
Bd6 9. Rc1 O-O 10. c4 cxd4 11. exd4 Bf4 12. Ra1 Qc7 13. h3 Bh5 14. a3 dxc4 15.
bxc4 Qb6 16. Bc3 Bxd2 17. c5 Qd8 18. Nxd2 Bxe2 19. Qxe2 Nxd4 20. Qe5 Nb5 21. Bb4
a5 22. Bc3 Nxc3 23. Qxc3 Qc7 24. Rac1 Nd5 25. Qb2 Nf4 26. Qb5 Qc6 27. Qxc6 Rxc6
28. Rc4 Rfc8 29. Rxf4 Rxc5 30. Rb1 b5 31. Nb3 Rc3 32. Nxa5 Rxa3 33. Rxb5 g6 34.
Nb7 Rd3 35. Rc5 Rxc5 36. Nxc5 Rd5 37. Ne4 Kg7 38. Nc3 Rc5 39. Na4 Rc6 40. Rb4
Rc7 41. g4 g5 42. Kg2 Kg6 43. Rb8 f6 44. Nb2 f5 45. Nd3 Kf6 46. Rb6 Rc4 47. gxf5
Kxf5 48. Rb5+ Kf6 49. Rb7 h5 50. Rf7+ Kxf7 51. Ne5+ Kf6 52. Nxc4 Kf5 53. Kg3 Ke4
54. f3+ Kf5 55. Nd6+ Ke5 56. Ne8 Kf5 57. Ng7+ Kg6 58. Nxe6 Kf6 59. Nd4 Ke5 60.
Ne2 Kf5 61. Nd4+ Ke5 62. Nc6+ Kf5 63. h4 gxh4+ 64. Kxh4 Kf4 65. Nd4 Ke3 66. Kxh5
Kxd4 67. f4 Kd5 68. Kg6 1-0

[Event "40th Olympiad Women"]
[Site "Istanbul TUR"]
[Date "2012.09.07"]
[Round "10.46"]
[Board "3"]
[White "Al-Khalidi, Aisha Ali Ahmed"]
[Black "Rojas, Montserrat"]
[Result "0-1"]
[WhiteElo "1597"]
[BlackElo "1605"]
[WhiteTeam "Iraq"]
[BlackTeam "Paraguay"]
[WhiteFideId "4806042"]
[BlackFideId "3701670"]
[EventDate "2012.08.28"]

1. e4 c5 2. Nf3 e6 3. d4 cxd4 4. Nxd4 a6 5. Nc3 g6 6. Be3 Bg7 7. Qd2 Ne7 8.
O-O-O O-O 9. g4 b5 10. h4 Bb7 11. f3 Nbc6 12. h5 Qa5 13. Kb1 b4 14. Nce2 d5 15.
Bh6 b3 16. Nxb3 Qxd2 17. Bxd2 dxe4 18. fxe4 Ne5 19. Nc5 Nxg4 20. Be1 Bc6 21.
hxg6 Nxg6 22. Bg2 Ne3 23. Rd6 Rfd8 24. Rxd8+ Rxd8 25. Ba5 Rb8 26. Bf3 Rxb2+ 0-1

[Event "40th Olympiad Women"]
[Site "Istanbul TUR"]
[Date "2012.09.07"]
[Round "10.46"]
[Board "4"]
[White "Perez, Dalila"]
[Black "Abdulzahra, Sali Abbas"]
[Result "1-0"]
[BlackTitle "WFM"]
[WhiteElo "1760"]
[BlackElo "1638"]
[WhiteTeam "Paraguay"]
[BlackTeam "Iraq"]
[WhiteFideId "3702014"]
[BlackFideId "4804929"]
[EventDate "2012.08.28"]

1. d4 d5 2. c4 c6 3. Nc3 Nf6 4. Bf4 g6 5. Nf3 Bg7 6. e3 O-O 7. cxd5 cxd5 8. Bd3
Nc6 9. O-O Bg4 10. Be2 Rc8 11. h3 Bxf3 12. Bxf3 a6 13. Qb3 b5 14. Nxd5 Nxd5 15.
Qxd5 Qb6 16. Rac1 Na7 17. Qb7 Qxb7 18. Bxb7 Rcd8 19. Rc7 e6 20. Bxa6 Nc8 21.
Bxb5 Nd6 22. Bd3 f6 23. Re7 e5 24. dxe5 fxe5 25. Bxe5 Bxe5 26. Rxe5 Nf7 27. Bc4
Kh8 28. Re7 Nd6 29. Bb3 Nf5 30. Rc7 Rd2 31. Rd1 Rxb2 32. Rdd7 Rxb3 33. axb3 1-0

[Event "40th Olympiad Women"]
[Site "Istanbul TUR"]
[Date "2012.09.07"]
[Round "10.47"]
[Board "1"]
[White "Taweesupmun, Chanida"]
[Black "Samaganova, Alexandra"]
[Result "0-1"]
[WhiteElo "1834"]
[BlackElo "2057"]
[WhiteTeam "Thailand"]
[BlackTeam "Kyrgyzstan"]
[WhiteFideId "6200117"]
[BlackFideId "13800221"]
[EventDate "2012.08.28"]

1. d4 Nf6 2. c4 e6 3. Nf3 b6 4. Nc3 Bb4 5. Qc2 Bb7 6. e3 Bxc3+ 7. Qxc3 Ne4 8.
Qc2 O-O 9. Bd3 f5 10. Bd2 d6 11. Bc3 Qe7 12. a3 Nd7 13. Rg1 Rac8 14. Nd2 Qh4 15.
Nf3 Qe7 16. O-O-O Ndf6 17. h3 c5 18. Kb1 Nxc3+ 19. Qxc3 Ne4 20. Qe1 Qe8 21. Nd2
d5 22. cxd5 exd5 23. f3 Nd6 24. g4 c4 25. Bxf5 Nxf5 26. gxf5 c3 27. bxc3 Rxc3
28. Ka2 Qa4 29. Nb1 Qb3+ 30. Ka1 Rc2 0-1

[Event "40th Olympiad Women"]
[Site "Istanbul TUR"]
[Date "2012.09.07"]
[Round "10.47"]
[Board "3"]
[White "Atthaworadej, Worasuda"]
[Black "Tilenbaev, Baktygul"]
[Result "0-1"]
[WhiteElo "1638"]
[BlackElo "1940"]
[WhiteTeam "Thailand"]
[BlackTeam "Kyrgyzstan"]
[WhiteFideId "6201563"]
[BlackFideId "13800639"]
[EventDate "2012.08.28"]

1. e4 e5 2. Nf3 Nc6 3. d4 exd4 4. Bc4 Be7 5. c3 Na5 6. Qxd4 Nxc4 7. Qxc4 d6 8.
O-O Nf6 9. Re1 O-O 10. Bg5 Be6 11. Qe2 h6 12. Bh4 c5 13. Nbd2 a6 14. Rad1 Nh5
15. Bxe7 Qxe7 16. Nc4 Rad8 17. b3 b5 18. Ne3 Nf4 19. Qd2 Qf6 20. Nd5 Nxd5 21.
exd5 Bg4 22. Qd3 Bxf3 23. Qxf3 Qxf3 24. gxf3 Rfe8 25. Kf1 Kf8 26. Rb1 Rxe1+ 27.
Kxe1 Re8+ 28. Kd2 Re5 29. c4 Rh5 30. Rh1 bxc4 31. bxc4 Rh4 32. Kd3 Rd4+ 33. Kc3
Rf4 34. Rf1 Rxf3+ 35. Kc2 Ke7 36. Re1+ Kf6 37. Rf1 Ke5 38. Kd2 Kd4 39. Ke2 Rc3
40. Rd1+ Kxc4 41. Rd2 Rh3 42. Rd1 Rxh2 43. Rd3 Rxf2+ 44. Kxf2 Kxd3 0-1

[Event "40th Olympiad Women"]
[Site "Istanbul TUR"]
[Date "2012.09.07"]
[Round "10.49"]
[Board "1"]
[White "Colombo, Camila"]
[Black "Tuominen, Tanja"]
[Result "1/2-1/2"]
[WhiteTitle "WIM"]
[BlackTitle "WIM"]
[WhiteElo "2095"]
[BlackElo "2101"]
[WhiteTeam "Uruguay"]
[BlackTeam "Finland"]
[WhiteFideId "3001822"]
[BlackFideId "502340"]
[EventDate "2012.08.28"]

1. d4 d5 2. c4 c6 3. Nc3 dxc4 4. Nf3 b5 5. e3 Nf6 6. a4 b4 7. Na2 e6 8. Bxc4 Be7
9. O-O O-O 10. Ne5 a5 11. Bb3 Ba6 12. Re1 Qb6 13. Nc4 Bxc4 14. Bxc4 Rd8 15. Qf3
Nbd7 16. b3 c5 17. e4 cxd4 18. e5 Nd5 19. Qg4 Nf8 20. Bb2 Nc3 21. Nc1 Rac8 22.
Nd3 Rxc4 23. bxc4 Qa6 24. f4 Qxc4 25. Qf3 b3 26. Rec1 Nd7 27. f5 exf5 28. Qxf5
Nc5 29. Nxc5 Bxc5 30. Kh1 Qe2 31. Rf1 Qc4 32. Rac1 Bb4 33. Qg5 Re8 34. Rf4 Qe2
35. Qf5 Rf8 36. Rf2 Qc4 37. Rf4 h6 38. Rcf1 Qd5 39. Qd3 Qxe5 40. Rxd4 Nxa4 41.
Qxb3 Qe2 42. Rdf4 Nxb2 43. R4f2 Qe6 44. Qxb2 Bd6 45. Qd2 Qe5 46. g3 Qe4+ 47. Rf3
Bb4 48. Qa2 Kh8 49. h3 f5 50. Kh2 Rd8 51. Qg2 g6 52. R1f2 Bc5 53. Re2 Qc4 54.
Rc2 Qd4 55. Rfc3 Bd6 56. Rc8 Rxc8 57. Rxc8+ Kg7 58. Qa2 Kf6 59. Rc4 Qe5 60. Qf2
g5 61. h4 f4 62. hxg5+ hxg5 63. gxf4 Qd5 64. Qb2+ Kf7 65. Qc2 Bxf4+ 66. Kg1 Be3+
67. Kf1 Qf3+ 68. Ke1 Qg3+ 69. Ke2 Qf2+ 70. Kd3 Qxc2+ 71. Rxc2 Bb6 72. Rc6 Bf2
73. Ke2 Bd4 74. Kf3 Bb2 75. Rc2 Be5 76. Rc5 Bf4 77. Rxa5 Ke6 78. Ke4 Kd6 79.
Ra6+ Kc5 80. Ra8 Kd6 81. Rc8 Ke6 82. Rc6+ Bd6 83. Ra6 g4 84. Ra5 g3 85. Kf3 Be5
86. Kg2 Bd6 1/2-1/2

[Event "40th Olympiad Women"]
[Site "Istanbul TUR"]
[Date "2012.09.07"]
[Round "10.49"]
[Board "2"]
[White "Puuska, Heini"]
[Black "Silva, Natalia"]
[Result "1/2-1/2"]
[WhiteTitle "WFM"]
[WhiteElo "1995"]
[BlackElo "1918"]
[WhiteTeam "Finland"]
[BlackTeam "Uruguay"]
[WhiteFideId "502324"]
[BlackFideId "3000575"]
[EventDate "2012.08.28"]

1. Nf3 f5 2. d3 d5 3. g3 e6 4. Bg2 Nf6 5. O-O Bd6 6. Nbd2 O-O 7. e4 Ng4 8. h3
Ne5 9. Nxe5 Bxe5 10. Qe2 dxe4 11. dxe4 Qf6 12. Nc4 Nc6 13. exf5 Bd4 14. c3 Bc5
15. fxe6 Bxe6 16. b4 Qf7 17. Ne3 Bd6 18. f4 Qe7 19. Re1 Qd7 20. Kh2 Rae8 21. Qb5
Qc8 22. Bd2 Nd8 23. Rad1 c6 24. Qd3 Bc7 25. Be4 h6 26. Bh7+ Kh8 27. Bg6 Nf7 28.
Ng4 Rd8 29. Qe2 Rd6 30. f5 Bxf5 31. Bxf5 Qxf5 32. Qe7 Qc8 33. Bf4 Rxd1 34. Rxd1
Bxf4 35. gxf4 Qe8 36. Rd7 Qxe7 37. Rxe7 Nd6 38. Rd7 Nb5 39. Ne5 Kg8 40. c4 Nc3
41. Rxb7 Rxf4 42. Rxa7 g5 43. a4 Rf2+ 44. Kg1 Rf6 45. a5 Ne2+ 46. Kg2 Nf4+ 47.
Kg3 h5 48. Ra8+ Kg7 49. Ra7+ Kg8 50. Ra8+ Kg7 51. Ra7+ Kg8 1/2-1/2

[Event "40th Olympiad Women"]
[Site "Istanbul TUR"]
[Date "2012.09.07"]
[Round "10.49"]
[Board "3"]
[White "de Leon, Patricia"]
[Black "Nazarova, Anastasia"]
[Result "0-1"]
[WhiteElo "1841"]
[BlackElo "1693"]
[WhiteTeam "Uruguay"]
[BlackTeam "Finland"]
[WhiteFideId "3000273"]
[BlackFideId "34101737"]
[EventDate "2012.08.28"]

1. d4 d5 2. c4 e6 3. Nc3 Nf6 4. cxd5 exd5 5. Bg5 c6 6. e3 Be7 7. Bd3 h6 8. Bh4
O-O 9. Qc2 Nbd7 10. Nf3 Re8 11. O-O Nh5 12. Bxe7 Qxe7 13. Rab1 Nhf6 14. b4 b6
15. Rfc1 Bb7 16. a4 Ne4 17. a5 Rac8 18. Qa2 Nxc3 19. Rxc3 Rc7 20. Bf5 Ra8 21. a6
Bc8 22. b5 Nf6 23. Bd3 c5 24. dxc5 Rxc5 25. Rbc1 Be6 26. Nd4 Nd7 27. Be2 Qf6 28.
Qa3 Rxc3 29. Qxc3 Nc5 30. Bf3 Qe7 31. Qc2 Rc8 32. Qa2 Qd6 33. Rd1 Rd8 34. Nc6
Rd7 35. Qd2 Nxa6 36. Nxa7 Rxa7 37. Ra1 Qe5 38. Qd1 d4 39. Rxa6 Rd7 40. Ra8+ Kh7
41. exd4 Rxd4 42. Qb1+ Bf5 43. Qa1 Rb4 44. Rh8+ Kxh8 45. Qa8+ Kh7 46. g3 Bh3 0-1

[Event "40th Olympiad Women"]
[Site "Istanbul TUR"]
[Date "2012.09.07"]
[Round "10.50"]
[Board "2"]
[White "Lebel-Arias, Julia"]
[Black "Krifa, Najla"]
[Result "1-0"]
[WhiteTitle "WIM"]
[BlackTitle "WFM"]
[WhiteElo "1892"]
[BlackElo "1782"]
[WhiteTeam "Monaco"]
[BlackTeam "Tunisia"]
[WhiteFideId "602019"]
[BlackFideId "5501040"]
[EventDate "2012.08.28"]

1. d4 Nf6 2. e3 e6 3. Bd3 c5 4. c3 cxd4 5. exd4 Be7 6. f4 d6 7. Qe2 O-O 8. Nf3
Nbd7 9. O-O b6 10. Nbd2 Bb7 11. Re1 Re8 12. Qf1 Qc7 13. Ng5 h6 14. Nge4 e5 15.
Nf3 Nxe4 16. Bxe4 Bxe4 17. Rxe4 exd4 18. Nxd4 Bf6 19. Rxe8+ Rxe8 20. Nf3 d5 21.
Bd2 Qc5+ 22. Qf2 Re2 23. Qxc5 Nxc5 24. Kf1 Re4 25. Re1 Nd3 26. Rb1 Nxf4 27. Bxf4
Rxf4 28. Rd1 Rf5 29. Ke2 Kf8 30. Kd3 Ke8 31. a4 Kd7 32. b3 Kc6 33. Re1 Kd7 34.
b4 Rf4 35. Rb1 Rc4 36. Rb3 a6 37. g3 h5 38. h3 Rc8 39. Ra3 g5 40. Rb3 Kd6 41.
Nd2 Re8 42. c4 dxc4+ 43. Nxc4+ Kc6 44. b5+ axb5 45. Rxb5 Bd8 46. Ne5+ Kc7 47.
Nxf7 Rg8 48. Ne5 Rg7 49. Ke4 Rg8 50. Rd5 Rg7 51. Kf5 Kc8 52. Rd6 Bc7 53. Re6
Bxe5 54. Rxe5 Ra7 55. Kxg5 Rxa4 56. Kxh5 Ra5 57. Rg5 Rxg5+ 58. Kxg5 1-0

[Event "40th Olympiad Women"]
[Site "Istanbul TUR"]
[Date "2012.09.07"]
[Round "10.50"]
[Board "3"]
[White "Marzouk, Amira"]
[Black "Chung, Mathilde"]
[Result "1/2-1/2"]
[WhiteTitle "WCM"]
[WhiteElo "1694"]
[BlackElo "1794"]
[WhiteTeam "Tunisia"]
[BlackTeam "Monaco"]
[WhiteFideId "5501148"]
[BlackFideId "676446"]
[EventDate "2012.08.28"]

1. e4 c5 2. Nc3 Nc6 3. f4 e6 4. Nf3 d5 5. Bb5 Ne7 6. Ne5 a6 7. Bxc6+ Nxc6 8.
Nxc6 bxc6 9. O-O c4 10. d3 cxd3 11. cxd3 Bc5+ 12. Kh1 O-O 13. b3 Bd4 14. Bb2
Bxc3 15. Bxc3 Qb6 16. Qg4 e5 17. Qg3 d4 18. Bb2 exf4 19. Qxf4 Be6 20. Ba3 Rfe8
21. Rac1 Rad8 22. Rc5 f6 23. Rfc1 Bf7 24. Bb2 Re6 25. Qf2 Red6 26. Ba3 Re6 27.
Bb2 Red6 28. Ba3 Re6 29. Bb2 Red6 30. Ba3 Re6 31. Bb2 1/2-1/2

[Event "40th Olympiad Women"]
[Site "Istanbul TUR"]
[Date "2012.09.07"]
[Round "10.50"]
[Board "4"]
[White "Lomandong Noela-Joyce"]
[Black "Matoussi, Amina"]
[Result "0-1"]
[WhiteElo "1516"]
[BlackElo "1789"]
[WhiteTeam "Monaco"]
[BlackTeam "Tunisia"]
[WhiteFideId "5400384"]
[BlackFideId "5501164"]
[EventDate "2012.08.28"]

1. e4 d6 2. d4 Nf6 3. Nc3 g6 4. Be3 Bg7 5. Be2 O-O 6. Qd2 c6 7. Bf3 Qc7 8. Nge2
Nbd7 9. O-O e5 10. d5 c5 11. a4 a6 12. a5 b5 13. axb6 Nxb6 14. b3 Ne8 15. Ng3 f5
16. exf5 gxf5 17. Bg5 f4 18. Nge4 Nf6 19. Bxf6 Bxf6 20. g3 Bh3 21. Bg2 Bxg2 22.
Kxg2 f3+ 23. Kh1 Qe7 24. Qd3 Bg5 25. Rxa6 c4 26. bxc4 Rxa6 27. c5 Ra7 28. cxb6
Rb7 29. Rb1 Bh6 30. Qb5 Rc8 31. Qd3 Rf8 32. Qb5 Rc8 33. Qd3 Qf8 34. Kg1 Rcb8 35.
Na4 Ra8 36. Qb5 Qf5 37. Nac3 Rxb6 0-1

[Event "40th Olympiad Women"]
[Site "Istanbul TUR"]
[Date "2012.09.07"]
[Round "10.54"]
[Board "2"]
[White "Soondarsingh, Aditi"]
[Black "Kim, Taegyeong"]
[Result "0-1"]
[BlackTitle "WCM"]
[WhiteElo "1772"]
[BlackElo "1536"]
[WhiteTeam "Trinidad & Tobago"]
[BlackTeam "South Korea"]
[WhiteFideId "7700598"]
[BlackFideId "13200976"]
[EventDate "2012.08.28"]

1. e4 Nf6 2. e5 Nd5 3. c4 Nb6 4. c5 Nd5 5. Nc3 e6 6. d4 Nxc3 7. bxc3 b6 8. cxb6
axb6 9. Nf3 Bb7 10. Bd3 c5 11. O-O Be7 12. Bc2 Qc7 13. Ng5 h6 14. Qh5 Bxg5 15.
Bxg5 cxd4 16. Bg6 Rf8 17. Bxh6 gxh6 18. Qxh6 Qxe5 19. cxd4 Qd5 20. Bxf7+ Rxf7
21. Qg6 Qxg2+ 22. Qxg2 Bxg2 23. Kxg2 Nc6 24. Rfd1 d5 25. h4 Kd7 26. Rd2 Rg8+ 27.
Kh3 Rf4 28. h5 Rh8 29. Kg3 Rxd4 30. Rxd4 Nxd4 31. Rh1 Nf5+ 32. Kf4 Ke7 33. Rb1
Rxh5 34. Rxb6 Kf6 35. Kf3 Rh3+ 36. Ke2 Ra3 37. Rb2 Ke5 38. Kd2 Ke4 39. Ke1 Kd3
40. Rd2+ Kc3 41. Re2 d4 42. Rxe6 Rxa2 43. Rc6+ Kd3 44. Rc1 Rc2 45. Rd1+ Kc3 46.
Kf1 d3 47. Ke1 Kd4 0-1